000 00527nam a22001817a 4500
005 20240321150309.0
010 _aENG139827
020 _a9789390746231
_c1028.00
035 _aEN-123359
037 _bDBAD/PUB
082 _a519.5
100 _aCallao Margaito B.
_963794
245 _aStatistics/
_cBy Margaito B. Callao
260 _aBelghaia
_bExcellence Books
270 _aG1, Dream Apartment , Degree College Road
_bKolkata
_e7000056
300 _a102pg;
_c22cm(Pbk)
942 _2ddc
_cEN
_h519.5
_mCAL
999 _c201714
_d201714